Ako úspešne pripraviť a viesť projekty

Salvato in:
Dettagli Bibliografici
Autore principale: Brown, Marc
Altri autori: Ďurej, Ondrej (Traduttore)
Natura: Libro
Lingua:slovacco
inglese
Pubblicazione: Bratislava Open Windows 1996
Soggetti:
Accesso online:Visualizza in OPAC
Tags: Aggiungi Tag
Nessun Tag, puoi essere il primo ad aggiungerne!!

MARC

LEADER 00000nam a2200000 a 4500
005 20260127134221.0
008 070709s1996 xo slo d
020 |a 8085741180  |c 115.00 
035 |a vtls009051711 
035 |a PPPK44675 
039 9 |a 200810021009  |b mschk03  |c 200707312304  |d VLOAD  |y 200707231617  |z VLOAD 
040 |a PPPK  |b slo  |d STUSCHK1  |c PPPK 
041 1 |a slo  |h eng 
080 |a 65.01 
080 |a 658.512(035) 
100 1 |a Brown, Marc 
245 1 |a Ako úspešne pripraviť a viesť projekty  |c Marc Brown ; [z anglického originálu prel. Ondrej Ďurej] 
260 |a Bratislava  |b Open Windows  |c 1996 
300 |a 112 s. 
650 0 7 |a manažment  |2 PPPK 
650 0 7 |a riadenie  |2 PPPK 
650 0 7 |a projekty  |2 PPPK 
655 7 |a príručky  |2 PPPK 
700 1 |a Ďurej, Ondrej  |4 trl 
910 |a pppk 
910 |a SCHK95 
919 |a 80-85741-18-0 
999 |c 6955  |d 6955 
942 0 0 |0 1